000 01126cam a2200337 4500
001 200468093
003 TR-AnTOB
005 20260413174758.0
007 ta
008 730104m1966 enk 000 0 eng
015 _aB6610399 (volume 1)
040 _aDLC
_beng
_erda
_cWSU
_dOCL
_dSER
_dUKM
_dTR-AnTOB
041 1 _aeng
_hpol
050 1 4 _aQA431
_b.P6413 1966
090 _aQA431
_b.P6413 1966
100 1 _aPogorzelski, Witold,
_d1895-1963
_9153626
_eauthor
240 1 0 _aCalkowe i ich zastosowania.
_lEnglish.
245 1 0 _aIntegral equations and their applications /
_cby W. Pogorzelski.
264 1 _aOxford :
_bPergamon Press,
_c1966.
264 4 _c©1966
300 _avolumes <v.1> ;
_c23 cm
336 _atext
_btxt
_2rdacontent
337 _aunmediated
_bn
_2rdamedia
338 _avolume
_bnc
_2rdacarrier
350 _a£6.00 (v. 1)
490 0 _aInternational series of monographs in pure and applied mathematics,
_vv 88
500 _aOriginally published as Równania calkowe i ich zastosowania. Warsaw, P.W.N.
650 0 _aIntegral equations
_925124
942 _2lcc
_cBK
999 _c200468093
_d86305